000 00874nam a2200229Ia 4500
008 130821s1973 ck gr spa
040 _aCo-BoUCM
_bspa
041 0 0 _aspa
100 1 _aFals Borda, Orlando
_d1925-
245 0 3 _aEl hombre y la tierra en Boyacá desarrollo histórico de una sociedad minifundista
_cOrlando Fals Borda
250 _a2a. ed.
260 _aBogotá (Colombia)
_bPunta de Lanza
_c1973
300 _a215 páginas
650 0 4 _98726
_aAgricultura y Estado
_zBoyacá (Colombia)
650 0 4 _aAgricultura
_98719
650 0 4 _aReforma agraria
_zBoyacá (Colombia)
_923278
650 0 4 _aSociología rural
_zBoyacá (Colombia)
_924813
651 _aBoyacá (Colombia)
_xCondiciones económicas
651 _aBoyacá (Colombia)
_xCondiciones sociales
942 _cLIBRO
_a7
_e2
_mF197h
_2DEWEY
_h333.3186137
999 _c42367
_d42367